000 01684cam a2200169 4500500
005 20260315003933.0
041 _afre
042 _adc
100 1 0 _aKouneiher, Joseph
_eauthor
700 1 0 _aFlament, Dominique
_eauthor
700 1 0 _aNabonnand, Philippe
_eauthor
700 1 0 _aSzczeciniarz, Jean-Jacques
_eauthor
245 0 0 _aGéométrie au XXe siècle
260 _bHermann,
_c2005.
520 _aPeu de travaux historiques et philosophiques ont été consacrés à l'histoire récente de la géométrie. Pourtant, au cours de la seconde moitié du vingtième siècle, l'approche géométrique s'est révélée d'une fécondité extraordinaire dans tous les domaines mathématiques, ainsi qu'en physique théorique. En retour, la géométrie a été profondément bouleversée. Le foisonnement des recherches en géométrie, la diversité des intérêts et des travaux et leurs multiples domaines d'application rendent nécessaire, mais extrêmement délicate, toute tentative d'en proposer une approche réflexive et/ou historique.Cet ouvrage se propose de contribuer à l'émergence de tels travaux historiques et philosophiques en offrant une large présentation réflexive des géométries du vingtième siècle et de leurs fondements conceptuels. L'ensemble des textes dus à des mathématiciens, des philosophes ou des historiens ne prétend pas à l'exhaustivité. Ils constituent un matériau d'une richesse remarquable pour tous ceux qui sont intéressés par une approche historique et philosophique des théories géométriques contemporaines.
856 4 1 _uhttps://stm.cairn.info/geometrie-au-xxe-siecle--9782705665456?lang=fr&redirect-ssocas=7080
999 _c1698790
_d1698790